Statistiken für 2019 - Jahresrückblick

Klicken Sie hier um das Quiz zu spielen!

Allgemein

  • Dieses Quiz wurde 73 mal gespielt
  • Das Durchschnittsergebnis liegt bei 10 aus 17

Antwortstatistiken

Hinweis Antwort % Korrekt
Mehr als eine Million Menschen protestieren gegen den Einfluss der
chinesischen Regierung in den Straßen dieser Stadt
Hongkong
94%
Diese weltberühmte Kathedrale wird durch einen Brand schwer beschädigtNotre-Dame de Paris
89%
Diese deutsche Politikerin wird zur Präsidentin der Europäischen Kommission gewähltUrsula von der Leyen
81%
Donald Trump bringt die Weltpolitik zum Lachen durch seinen Vorschlag,
diese große Insel abzukaufen und zu US-Staatsgebiet zu machen
Grönland
80%
Abu Bakr al-Baghdadi, Anführer dieser Terroristengruppe, tötet sich selbst,
um einer Gefangennahme durch das US-Militär zu entgehen
Islamischer Staat
73%
Diese Firma stellt ein neues Auto vor, welches unter dem Namen Cybertruck bekannt wirdTesla
72%
Das US-Repräsentantenhaus leitet dieses Verfahren gegen Präsident Trump ein{Amtsenthebungs}-
verfahren
70%
HBO strahlt die 8. und letzte Staffel dieser TV-Serie aus,
welche vom Publikum sehr negativ bewertet wurde
Game of Thrones
70%
Tausende von Internetnutzern drohen damit, diese Militärbasis zu stürmen,
mit dem Motto "Let's see them aliens", aber nur wenige erscheinen auch tatsächlich
Area 51
69%
Die britischen Konservativen erlangen eine Mehrheit im Parlament,
durch ihr Versprechen "to get ______ done".
Brexit
63%
Astronomen schaffen es zum ersten Mal, dieses Objekt auf einem Bild festzuhaltenSchwarzes Loch
58%
Zum 3. Mal gewinnt Südafrika die Weltmeisterschaft in dieser SportartRugby Union
55%
Kasachstan ändert den Namen der Hauptstadt Astana zu diesemNur-Sultan
44%
Dieser Flugzeugtyp wird aufgrund eines Absturz einer
Ethiopian-Airlines-Maschine weltweit mit Flugverboten belegt
Boeing 737 {Max} 8
41%
Dieser Film wird zum erfolgreichsten Film weltweit nach EinspielergebnisAvengers: Endgame
41%
Diese Science-Fiction-Horror-TV-Show ist die meistgeschaute Netflix-Serie von 2019Stranger Things
28%
Die Beziehungen zwischen den USA und dem Iran verschlechtern sich,
nachdem Schiffe in diesem Gewässer angegriffen wurden
Golf von {Oman}
20%

Verteilung der Resultate

Perzentil nach korrekt beantworteten Fragen

Anzahl Personen mit jedem Resultat

Ihre Resultats-Entwicklung

Sie haben dieses Quiz noch nicht gespielt